000 00506nam a2200133Ia 4500
008 171212s9999 xx 000 0 und d
020 _a9781910634486
100 _aMiller, Daniel;Costa, Elisabetta;Haynes, Nell;McDonald, Tom;Nicolescu, Razvan
245 _cMiller, Daniel;Costa, Elisabetta;Haynes, Nell;McDonald, Tom;Nicolescu, Razvan
_aHow the World Changed Social Media
260 _bUCL Press
_c2016
440 _aWhy We Post
650 _aAnthropology
856 _uhttp://jstor.org/stable/j.ctt1g69z35
999 _c352873
_d352873